| 000 | 00938nam a22002773 4500 | ||
|---|---|---|---|
| 001 | 76534 | ||
| 003 | BD-RjUL | ||
| 005 | 20211209082845.0 | ||
| 008 | 931015s1911 enk 000 0 | ||
| 035 | _aCD-0000036002 | ||
| 035 | _a(BD-RjUL)76758 | ||
| 040 |
_aBD-RjUL _beng _cBD-RjUL |
||
| 041 | _aeng | ||
| 082 |
_223 _a684.08 _bAUA 1911 |
||
| 100 | 1 |
_aAudsley, George Ashdown. _9236566 |
|
| 245 | 1 | 4 |
_aThe art of polychromatic & decorative turning : _ba practical manual for the professional and amateur turner / _cby George Ashdown Audsley and Berthold Audsley. |
| 260 |
_aLondon : _bGeorgr allen & company ltd., _c1911 |
||
| 300 |
_a109 pages : _bill.; _c21 cm. |
||
| 490 | 1 | _aAllen's techn. and art manuals | |
| 650 |
_aTurning (Lathe work) _9236567 |
||
| 650 |
_aWoodwork _9236568 |
||
| 700 | 1 |
_aAudsley, Berthold. _9236571 |
|
| 752 |
_aEngland _dLondon |
||
| 830 | 0 |
_aAllen's techn. and art manuals _9236572 |
|
| 942 |
_2ddc _cBK |
||
| 999 |
_c76534 _d76534 |
||